00513 2200205 4500001002100000005001700021008004100038035002400079040001200103082001100115090001800126100001500144245003700159260002700196300001900223650002600242850001200268990001500280990001200295YOGYA-0209000006205620090227040014.0 ind  0010-020900000062056 aYOPDYOG a499.25 a499.25bMee I aMEES, C. A aTata bahasa IndonesiacC. A Mees aBandungbG.Kalffc1950 a207 hlmc20 cm aTata bahasa Indonesia aYOPDYOG aa000043179 a43178-b